| 000 | 01393nam a2200301 4500 | ||
|---|---|---|---|
| 005 | 20240530110940.0 | ||
| 008 | 160618s2007 ua a|||g b||| 00| 0 ara d | ||
| 017 | _bمصر. دار الكتب | ||
| 020 | _a9789953821504 | ||
| 040 |
_aEG-CaGPL _cEG-CaGPL |
||
| 082 | 0 | 4 |
_a410/ _bح ا _221 |
| 100 | 0 | _aحافيظ اسماعيلى علوى | |
| 245 | 1 | 0 |
_aاللسان العربى واشكالية التلقى / _cتاليف حافيظ اسماعيلى علوى ، عبدالرحمن عزى ، رياض زكى قاسم ، محسن بوعزيزى ، عبدالحميد عبدالواحد ، محمود الذوادى |
| 250 | _aالاولى | ||
| 260 |
_aبيروت : _bمركز دراسات الوحدة العربية، _c2007. |
||
| 300 |
_a158 ص. : _bايض. ؛ _c24 سم. |
||
| 490 | 1 |
_aسلسلة كتب المستقبل العربى ؛ _v( 55 ) |
|
| 650 | 0 | 4 |
_aاللغة العربية _2qrmak |
| 650 | 0 | 4 |
_aالاصوات اللغوية العربية _2qrmak |
| 651 | _2qrmak | ||
| 700 |
_aعبدالرحمن عزى _eمؤلف مشارك |
||
| 700 |
_aرياض زكى قاسم _eمؤلف مشارك |
||
| 700 |
_aمحسن بوعزيزى _eمؤلف مشارك |
||
| 700 |
_aعبدالحميد عبدالواحد _eمؤلف مشارك |
||
| 700 |
_aمحمود الذوادى _eمؤلف مشارك |
||
| 942 |
_2ddc _cBK |
||
| 999 |
_c66813 _d66813 |
||